000 00519nam a2200181Ia 4500
008 090124s9999 xx 000 0 und d
082 _b123523
100 _aवाळिंबे शरदचंद्र
245 _a कठपुतली
250 _a1
260 _c1989
300 _a160
600 _aवाळिंबे शरदचंद्र
630 _a कठपुतली
700 _aवाळिंबे शरदचंद्र
730 _a कठपुतली
942 _cBOOK
999 _c169609
_d169609